000 00674nam a22002417a 4500
003 CHAP
005 20220329134449.0
008 971013s r 00010 d
010 _a20792
011 _a21764
035 _a25855
040 _cCHAP
090 _aR-659
100 0 0 _aArnoux, M.
_97278
245 _aTraitements des semences de plantes maraichers
500 _aSobretiro de: Phytiatrie-Phytopharmacie 11: 41-53, 1962
590 _aBATCH-UPD
_b10
_c20130110
_lUCH01
_h2055
590 _aCONVERSION
_b10
_c20130109
_lUCH01
_h1312
650 1 4 _aLegumbres
_xSemilla.
_965782
901 _aBK
942 _cREIMP
949 _aR-659
_bBC
_cR
_d-59716
_eTS1
_i25855
_si
999 _c20792
_d20792